| 000 | 00376nam a2200133Ia 4500 | ||
|---|---|---|---|
| 008 | 230411s9999 xx 000 0 und d | ||
| 041 | _aeng | ||
| 082 | _aOG/610.73678/BAS/B03783 | ||
| 100 | _aBasavanthappa BT | ||
| 245 | _aTextbook of Midwifery and Reproductive Health Nursing | ||
| 260 |
_bJaypee Brothers _aNew Delhi _c2006 |
||
| 300 | _a812p | ||
| 999 |
_c154595 _d154595 |
||